|
|
|
|
| LEADER |
00000nam0a2200000 4500 |
| 001 |
372179 |
| 005 |
20231102012442.0 |
| 035 |
|
|
|a (RuTPU)RU\TPU\retro\29600
|
| 035 |
|
|
|a RU\TPU\book\304488
|
| 090 |
|
|
|a 372179
|
| 100 |
|
|
|a 20221214d1979 k y0rusy50 ca
|
| 101 |
0 |
|
|a rus
|
| 102 |
|
|
|a RU
|
| 105 |
|
|
|a a z 001zy
|
| 200 |
1 |
|
|a Полевые шпаты и условия кристаллизации гранитоидов (Прибрежная зона Приморья)
|f Г. А. Валуй
|g Академия наук СССР (АН СССР), Дальневосточный научный центр (ДНЦ), Дальневосточный геологический институт (ДВГИ)
|
| 210 |
|
|
|a Москва
|c Наука
|d 1979
|
| 215 |
|
|
|a 148 с.
|c ил.
|
| 320 |
|
|
|a Библиогр.: с. 142-145.
|
| 606 |
1 |
|
|a Неметаллические полезные ископаемые
|x Месторождения
|x Минералогия
|2 stltpush
|3 (RuTPU)RU\TPU\subj\72219
|9 85787
|
| 606 |
1 |
|
|a Гранитоиды
|x Петрография
|2 stltpush
|3 (RuTPU)RU\TPU\subj\69009
|9 84040
|
| 610 |
1 |
|
|a полевые шпаты
|
| 610 |
1 |
|
|a гранитоидные массивы
|
| 610 |
1 |
|
|a характеристика
|
| 610 |
1 |
|
|a изучение
|
| 610 |
1 |
|
|a состав
|
| 610 |
1 |
|
|a структура
|
| 610 |
1 |
|
|a кристаллизация
|
| 675 |
|
|
|a 553.6
|v 3
|
| 675 |
|
|
|a 552.321.1/.3
|v 3
|
| 700 |
|
1 |
|a Валуй
|b Г. А.
|g Галина Александровна
|
| 712 |
0 |
2 |
|a Академия наук СССР (АН СССР)
|b Дальневосточный научный центр (ДНЦ)
|b Дальневосточный геологический институт (ДВГИ)
|c (Владивосток)
|2 stltpush
|3 (RuTPU)RU\TPU\col\11563
|
| 801 |
|
1 |
|a RU
|b 63413507
|c 20150115
|
| 801 |
|
2 |
|a RU
|b 63413507
|c 20221214
|g RCR
|
| 942 |
|
|
|c BK
|